000 00463nam a2200181Ia 4500
005 20250423100211.0
008 250422s9999 xx 000 0 und d
020 _a9789783772748
050 _aHG 178.3 .O88/
100 _aOsuji, Emeka
245 0 _aMicrofinance and economic activity: breaking the poverty chain
260 _aIbadan
260 _bGold Press Limited
260 _c2005
300 _a256 p
650 _aMicrofinance Poverty
942 _cBK
999 _c32582
_d32582